| 000 | 01045cam a2200241 4500 | ||
|---|---|---|---|
| 001 | ABS63810 | ||
| 008 | 000000n2001 000 0 eng u | ||
| 035 | _a(Sirsi) u112466 | ||
| 100 | _aChevin, D. | ||
| 245 | _aSafety match | ||
| 260 | _c2001 | ||
| 490 |
_aBuilding _v266(8182) 27 April 2001, 25(2) |
||
| 520 | _aDiscusses the setting up of a body with the strong support of trade unions to ensure enforcement of the health and safety issues discussed at the recent summit. Employers are divided as to the usefulness of the proposed body. Some question the validity of another organisation when other bodies such as the health and safety executive are already in place. Other doubts include the role of the roving safety reps which many contractors consider to be unworkable. | ||
| 590 | _aABS | ||
| 650 |
_aHEALTH AND SAFETY _96244 |
||
| 650 | _aTRADE UNIONS | ||
| 650 | _aCONSTRUCTION SAFETY | ||
| 650 | _aT&G | ||
| 650 | _aSITE SAFETY | ||
| 690 | _aBUILT ENVIRONMENT-BUILDING STANDARDS | ||
| 700 | _aFairs, C. | ||
| 942 | _n0 | ||
| 999 |
_c66945 _d66945 |
||